¿Cómo llegar a nuestro mundo humano? /
Se propone una nueva lectura de la educación en Costa Rica. Se plantean las preguntas de si existe interés en la comprensión de la misma, y la preocupación por la posibilidad que los costarricenses tienen para enfrentar los retos que supone la competencia en un mercado laboral abierto.
Guardado en:
| Autor principal: | |
|---|---|
| Formato: | Texto |
| Materias: | |
| Etiquetas: |
Agregar Etiqueta
Sin Etiquetas, Sea el primero en etiquetar este registro!
|
MARC
| LEADER | 00000 a a2200000 04500 | ||
|---|---|---|---|
| 001 | 41233 | ||
| 003 | |||
| 040 | |||
| 100 | |a Fonseca, Emilia | ||
| 245 | |a ¿Cómo llegar a nuestro mundo humano? / |c Emilia Fonseca | ||
| 520 | |a Se propone una nueva lectura de la educación en Costa Rica. Se plantean las preguntas de si existe interés en la comprensión de la misma, y la preocupación por la posibilidad que los costarricenses tienen para enfrentar los retos que supone la competencia en un mercado laboral abierto. | ||
| 590 | |a EFU/DICIEMBRE2011 | ||
| 650 | |a EDUCACION | ||
| 650 | |a COSTA RICA | ||
| 650 | |a HUMANISMO | ||
| 650 | |a TEORIA | ||
| 773 | |g volumen45, número114 (2007), páginas 99-107 | ||
| 999 | |c 40244 |d 40244 | ||
